00640 a2200157 450000500170000002000180001708200220003510000170005724501030007426000490017730000680022670000160029494200130031099900150032395201440033820250618091335.0 a0-471-15557-8 aLM 530.071173 WIL aRESNICK, R.  aConference on the introductory physics course: On the occasion of the retirement of Robert Resnick aNew York, bJohn Wiley & Sons, Inc., c1997. avi, 347p.: ill.; chart, figure, graph, picture, table. c28cm.  aWILSON, J.  2ddccBKS c4271d4271 r2025-06-18 09:15:03l0oLM 530.071173 WILp00000010938v36000.00w2025-06-18yBKS102ddc407000aCBEMLbCBEMLcGENd2000-08-16g12000.00